000 00408nam a2200145Ia 4500
008 230917s9999||||xx |||||||||||||| ||und||
040 _e209551
_aMAIN
041 _aEnglish
082 _a327.51054 B147S
100 _aBahl, Raghav
245 0 _aSuper power: The amazing race between China's Hare and India's Tortoise
260 _aNew Delhi
_bPenguin Books
_c2012
300 _axxxiv, 447 p.
942 _cBK
999 _c134835
_d134835